| 000 | 00815nam a22003017a 4500 | ||
|---|---|---|---|
| 001 | BR9510872 | ||
| 003 | BR-BrBNA | ||
| 005 | 20230928094843.0 | ||
| 007 | ta | ||
| 008 | 230509b bl.||||| |||| 00| 0 por d | ||
| 040 |
_aBR-BrBNA _bpor _cBiblioteca Nacional de Agricultura |
||
| 041 | _a(Por) | ||
| 072 | _aF01 | ||
| 090 | _ F01 BR9510872 | ||
| 110 | 1 |
_aSecretaria da Agricultura do Maranhao, Sao Luis (Brasil) _98255 |
|
| 110 | 1 |
_aComissao Estadual de Planejamento Agricola, Sao Luis, MA (Brasil) _92062 |
|
| 245 | 1 | _aCalendario agricola | |
| 260 | 3 |
_aSao Luis, MA (Brasil): _c1988. |
|
| 300 | _a21 p. | ||
| 650 | _aArroz | ||
| 650 | _aFeijao | ||
| 650 | _aMandioca | ||
| 650 | _aMilho | ||
| 650 | _aSoja | ||
| 650 | _aCalendario Agricola | ||
| 909 |
_a202309 _bLucia _c55 _dLucia Elande |
||
| 942 | _cBK | ||
| 999 |
_c53030 _d53030 |
||